Quiz personnage Strip-Sar par images - Statistiques

Statistiques générales
  • Ce quiz a été pris 13 fois
    9 depuis la dernière actualisation
  • Le résultat moyen est 12 sur 13
Statistiques - réponses
Par images Réponse % Correct
Azma
100%
Dasherr
100%
Jean-scoto
100%
Monskey
100%
Pinou
100%
Wallace
100%
William
100%
Baldoumotron
86%
Meerseman the knight
86%
Weldon
86%
Jackson-michael
71%
Robot-Scoto
71%
Valboy
71%
Aucun quiz correspondant
Distribution des résultats
% des personnes avec chaque résultat
Percentile par nombre de réponses
Votre historique - résultats
Vous n’avez pas pris ce quiz depuis la dernière actualisation